| 000 | 00575nam a22001817a 4500 | ||
|---|---|---|---|
| 003 | OSt | ||
| 005 | 20140310182428.0 | ||
| 008 | 131024b xxu||||| |||| 00| 0 eng d | ||
| 020 | _a9781906345143 | ||
| 050 |
_aQA 154 _b.G975 2009 |
||
| 100 | _aGundlack, Merryn Dawborn | ||
| 245 |
_aMathematics studies SL : _bApproach your exam the I.B. way / _cMerryn Dawborn-Gundlach. |
||
| 260 |
_aUnited Kingdom : _bInternational Baccalaureate Organization, _cc2009. |
||
| 300 |
_a156 p. : _bill. col. ; _c27 cm. |
||
| 650 | _aMAthematics-SL | ||
| 942 |
_2lcc _cBK |
||
| 999 |
_c13309 _d13309 |
||